000 01262nam a2200325 a 4500
001 000109266
003 CHAP
005 20220329144044.0
008 140415s2013 mx sm |||||||spa d
010 _a105728
011 _a106700
040 _cCHAP
090 _aTesis
100 1 _aLópez Pérez, Francisca
_9126620
245 1 3 _aLos huertos familiares orgánicos: una alternativa para la autosuficiencia familiar en Santiago la Galera, Candelaria Loxicha, Oaxaca
_h[En línea]
_cpor Francisca López Pérez.
260 _aChapingo, Méx. :
_bEl autor,
_c2013.
500 _aPara ver el contenido del material haga clic en la liga
502 _aTesis (Ing. Agr. Esp. en Agroecología ) -- UACH. Departamento de Enseñanza Investigación y Servicio en Agroecología
590 _aBATCH-UPD
_b10
_c20141002
_lUCH01
_h0900
590 _aE11695DGD
_b10
_c20140425
_lUCH01
_h0925
590 _aE5765TAJ
_b05
_c20140415
_lUCH01
_h0832
590 _aE5765TAJ
_b05
_c20140415
_lUCH01
_h0832
650 1 4 _aAgricultura orgánica.
_92005
650 1 4 _aDesarrollo sustentable
_zOaxaca.
_932106
650 1 4 _aHuertos familiares.
_956726
856 _aFinding aid
_uhttp://10.13.5.2/tesis/sist109266.pdf
_zTeclea aquí
901 _aBK
942 _cTESIS
942 _n0
999 _c105728
_d105728